[Event "Arandjelovac ASK-14 GM"]
[Site "Arandjelovac"]
[Date "2023.12.11"]
[Round "1"]
[White "Milosevic, Milos"]
[Black "Enkhnar, Enkhbaatar"]
[Result "0-1"]
[WhiteElo "2380"]
[BlackElo "2327"]
[PlyCount "74"]
[EventDate "2023.12.11"]
[EventType "tourn"]
[EventRounds "9"]
[EventCountry "SRB"]
[EventCategory "6"]
[SourceTitle "CB51_2023"]
[SourceDate "2023.12.20"]
[SourceVersion "1"]
[SourceVersionDate "2023.12.20"]
[SourceQuality "1"]

1. e4 c5 2. Nf3 Nc6 3. Bb5 e6 4. 0-0 Nge7 5. Re1 a6 6. Bf1 d5 7. d3 g6 8. c3 Bg7 9. g3 0-0 10. Bg2 Qc7 11. h4 Rd8 12. Qe2 e5 13. exd5 Nxd5 14. Nbd2 Bg4 15. Qf1 b6 16. Nh2 Be6 17. Qe2 Re8 18. h5 Rad8 19. Ne4 h6 20. hxg6 f5 21. Nd2 Nce7 22. Nc4 Nxg6 23. a4 Qd7 24. a5 b5 25. Nb6 Qf7 26. Nxd5 Bxd5 27. Bxd5 Rxd5 28. Be3 e4 29. dxe4 Rxe4 30. Rad1 f4 31. gxf4 Nxf4 32. Qf3 Rde5 33. Rd8+ Kh7 34. Red1 Qg6+ 35. Kh1 Ne6 36. R8d7 Rh5 37. Qg2 Rg4 0-1

[Event "Arandjelovac ASK-11 IM"]
[Site "Arandjelovac"]
[Date "2023.12.10"]
[Round "9"]
[White "Anishka, Vikram"]
[Black "Enkhnar, Enkhbaatar"]
[Result "0-1"]
[WhiteElo "1859"]
[BlackElo "2327"]
[PlyCount "72"]
[EventDate "2023.12.04"]
[EventType "tourn"]
[EventRounds "9"]
[EventCountry "SRB"]
[SourceTitle "CB51_2023"]
[SourceDate "2023.12.20"]
[SourceVersion "1"]
[SourceVersionDate "2023.12.20"]
[SourceQuality "1"]

1. d4 e6 2. c4 b6 3. Nc3 Bb7 4. e4 Bb4 5. Bd3 f5 6. Qh5+ g6 7. Qe2 Nf6 8. Bg5 h6 9. Bxf6 Qxf6 10. a3 Bxc3+ 11. bxc3 c5 12. Nf3 Nc6 13. e5 Qe7 14. Qe3 g5 15. Nd2 0-0-0 16. Nb3 d6 17. dxc5 Nxe5 18. cxb6 f4 19. Qe2 f3 20. Qe3 fxg2 21. Rg1 Nf3+ 22. Ke2 Nxg1+ 23. Rxg1 axb6 24. Qxb6 Qc7 25. Qb4 Rhf8 26. Na5 Rf7 27. Nxb7 Qxb7 28. Qxb7+ Rxb7 29. Bc2 Rb2 30. Kd2 Ra2 31. a4 Rf8 32. Rxg2 Rf3 33. a5 Kc7 34. a6 Kb6 35. h4 gxh4 36. Rh2 h3 0-1

[Event "Belgrade Trophy 36th"]
[Site "Belgrade"]
[Date "2023.12.01"]
[Round "7"]
[White "Trailovic, Aleksandar1"]
[Black "Enkhnar, Enkhbaatar"]
[Result "0-1"]
[WhiteElo "2132"]
[BlackElo "2327"]
[PlyCount "106"]
[EventDate "2023.11.25"]
[EventType "swiss"]
[EventRounds "9"]
[EventCountry "SRB"]
[SourceTitle "CB49_2023"]
[SourceDate "2023.12.06"]
[SourceVersion "1"]
[SourceVersionDate "2023.12.06"]
[SourceQuality "1"]

1. e4 c5 2. Nc3 Nc6 3. f4 g6 4. Nf3 Bg7 5. Bb5 Nd4 6. 0-0 Nxb5 7. Nxb5 d5 8. exd5 a6 9. Nc3 Nf6 10. d4 Nxd5 11. dxc5 Nxc3 12. Qxd8+ Kxd8 13. bxc3 Bxc3 14. Rb1 Kc7 15. Rb3 Bf6 16. Bd2 Be6 17. Ba5+ Kc6 18. Rb6+ Kxc5 19. Nd2 Bd5 20. c4 Bc6 21. Rd1 Bd4+ 22. Kf1 Be3 23. Nb3+ Kxc4 24. Rb4+ Kc3 25. Ke2 Rhd8 26. Rbd4+ Kb2 27. Rxd8 Rxd8 28. Bxd8 Bxf4 29. g3 Bd6 30. Rd2+ Ka3 31. Nd4 Be4 32. Nc2+ Kxa2 33. Ke3 f5 34. Nb4+ Kb3 35. Nd5 Bc5+ 36. Ke2 e5 37. Bb6 Bf8 38. Nf6 Bc6 39. Nxh7 Bb4 40. Rd8 a5 41. Nf8 a4 42. Nxg6 Bc3 43. Bc5 b5 44. h4 b4 45. h5 a3 46. h6 a2 47. Rd1 Be8 48. h7 e4 49. Bd4 Bxd4 50. Rxd4 a1Q 51. h8Q Bb5+ 52. Ke3 Qc1+ 53. Rd2 Qe1+ 0-1

[Event "MGL-ch"]
[Site "Chinggis City"]
[Date "2022.05.19"]
[Round "7"]
[White "Enkhnar, Enkhbaatar"]
[Black "Ganerdene, Sugar"]
[Result "1/2-1/2"]
[WhiteElo "2368"]
[BlackElo "2419"]
[PlyCount "104"]
[EventDate "2022.05.12"]
[EventType "tourn"]
[EventRounds "11"]
[EventCountry "MGL"]
[EventCategory "7"]
[SourceTitle "CBM 208 Extra"]
[Source "ChessBase"]
[SourceDate "2022.07.31"]
[SourceVersion "1"]
[SourceVersionDate "2022.07.31"]
[SourceQuality "1"]

1. d4 Nf6 2. c4 g6 3. g3 Bg7 4. Bg2 0-0 5. Nc3 d6 6. Nf3 Nc6 7. 0-0 a6 8. b3 Rb8 9. d5 Na5 10. Bg5 c5 11. dxc6 Nxc6 12. Rc1 Be6 13. Nd5 Ne4 14. Be3 Qa5 15. a4 Nc3 16. Rxc3 Bxd5 17. cxd5 Qxc3 18. dxc6 bxc6 19. Bd4 Qxb3 20. Qxb3 Rxb3 21. Bxg7 Kxg7 22. Nd4 Ra3 23. Nxc6 e6 24. a5 Rc8 25. Rb1 d5 26. Rb6 Rc3 27. Nd4 Ra3 28. Nc6 Rc3 29. Nd4 Ra3 30. Bh3 Rxa5 31. Rb7 Kg8 32. f4 Ra4 33. Nf3 Re4 34. Bf1 f6 35. Ra7 Rc6 36. Kf2 Ra4 37. Bh3 Re4 38. Ne1 Rb4 39. Nd3 Rbb6 40. g4 h6 41. Bg2 Rd6 42. Nc5 Rb4 43. Nxe6 Rxe6 44. Bxd5 Rxf4+ 45. Kg3 Rfe4 46. Re7 Re3+ 47. Kh4 Rxe2 48. Rxe6 Rxe6 49. Bxe6+ Kg7 50. Bc4 a5 51. Bb3 f5 52. g5 f4 1/2-1/2

[Event "MGL-ch"]
[Site "Chinggis City"]
[Date "2022.05.16"]
[Round "5"]
[White "Enkhnar, Enkhbaatar"]
[Black "Boldoo, Erdenepurev"]
[Result "1-0"]
[WhiteElo "2368"]
[BlackElo "2371"]
[PlyCount "71"]
[EventDate "2022.05.12"]
[EventType "tourn"]
[EventRounds "11"]
[EventCountry "MGL"]
[EventCategory "7"]
[SourceTitle "CBM 208 Extra"]
[Source "ChessBase"]
[SourceDate "2022.07.31"]
[SourceVersion "1"]
[SourceVersionDate "2022.07.31"]
[SourceQuality "1"]

1. e4 d6 2. d4 Nf6 3. Nc3 g6 4. f4 Bg7 5. Nf3 Nbd7 6. Be3 0-0 7. Qd2 b6 8. e5 Ng4 9. Bg1 c5 10. 0-0-0 cxd4 11. Bxd4 Bb7 12. e6 fxe6 13. Bxg7 Kxg7 14. Be2 Rf6 15. Ng5 Nh6 16. Bc4 d5 17. Nce4 Nf8 18. Nxf6 exf6 19. Nf3 Nf5 20. Rhe1 Nd6 21. Bd3 Qc7 22. g4 Ne4 23. Bxe4 dxe4 24. Nd4 f5 25. h4 fxg4 26. Nb5 Qc5 27. Nd6 Bd5 28. Nxe4 Bxe4 29. Rxe4 h5 30. Rd4 Re8 31. Qe2 Re7 32. Rc4 Qf5 33. Rd8 e5 34. Rd5 Nd7 35. fxe5 Rxe5 36. Rxd7+ 1-0

[Event "Asia-ch Universities"]
[Site "Chess.com INT"]
[Date "2020.12.29"]
[Round "9"]
[White "Enkhnar, Enkhbaatar"]
[Black "Ali, Muhammad Lutfi"]
[Result "0-1"]
[WhiteElo "2368"]
[BlackElo "2399"]
[PlyCount "64"]
[EventDate "2020.12.27"]
[EventType "swiss"]
[EventRounds "9"]
[EventCountry "IRI"]
[SourceTitle "CBM 200 Extra"]
[Source "ChessBase"]
[SourceDate "2021.03.31"]
[SourceVersion "1"]
[SourceVersionDate "2021.03.31"]
[SourceQuality "1"]

1. Nf3 c5 2. g3 g6 3. c4 Nc6 4. Bg2 Bg7 5. 0-0 d6 6. Nc3 Bf5 7. d3 Qd7 8. Rb1 Nf6 9. Bd2 0-0 10. a3 Rac8 11. b4 b6 12. b5 Nd8 13. Qa4 e5 14. Bg5 h6 15. Bxf6 Bxf6 16. Nd5 Bg7 17. Nd2 Be6 18. e4 f5 19. exf5 Bxf5 20. Ne4 Ne6 21. Rbe1 Nd4 22. f4 exf4 23. Nxc5 dxc5 24. Re7 Qd6 25. Qxa7 Ne6 26. Re1 Bd4+ 27. Kh1 Ng7 28. Rxg7+ Bxg7 29. Re7 Bd4 30. Nxf4 g5 31. Bd5+ Kh8 32. Re6 Qc7 0-1

[Event "Da Qing U20 op-A"]
[Site "Da Qing"]
[Date "2019.01.24"]
[Round "9"]
[White "Xu, Yinglun"]
[Black "Enkhnar, Enkhbaatar"]
[Result "1-0"]
[WhiteElo "2531"]
[BlackElo "2373"]
[PlyCount "109"]
[EventDate "2019.01.20"]
[EventType "swiss"]
[EventRounds "9"]
[EventCountry "CHN"]
[SourceTitle "CBM 188 Extra"]
[Source "ChessBase"]
[SourceDate "2019.02.26"]
[SourceVersion "1"]
[SourceVersionDate "2019.02.26"]
[SourceQuality "1"]

1. d4 Nf6 2. c4 e6 3. Nc3 d5 4. cxd5 exd5 5. Bg5 Be7 6. e3 c6 7. Bd3 Bg4 8. Qb3 Qb6 9. Qc2 Bh5 10. f4 Ng4 11. Bxe7 Kxe7 12. Qd2 Re8 13. 0-0-0 Kf8 14. Re1 c5 15. h3 Nxe3 16. Rxe3 Rxe3 17. Qxe3 cxd4 18. Qe7+ Kxe7 19. Nxd5+ Kd6 20. Nxb6 axb6 21. g4 Rxa2 22. gxh5 Ra1+ 23. Bb1 Ra5 24. h6 gxh6 25. Nf3 Rc5+ 26. Kd1 Nc6 27. Rg1 Rb5 28. Nd2 Rh5 29. Rg3 Rh4 30. Rf3 Nb4 31. Be4 Na6 32. Bxb7 Nc7 33. Nc4+ Kc5 34. Ne5 Ne6 35. Nd3+ Kd6 36. Kd2 Rh5 37. Be4 Rb5 38. Bxh7 Kc7 39. Rg3 Rh5 40. Be4 Rh4 41. Rf3 Kd6 42. Bb7 f6 43. Be4 Rh5 44. Bg6 Rb5 45. Bf7 Ng7 46. Bc4 Rf5 47. Nf2 Nh5 48. Kd3 Ra5 49. Kxd4 b5 50. Bb3 Ng7 51. Ne4+ Ke7 52. Kc5 Nf5 53. Ng3 Nd6 54. Re3+ Kd7 55. Ne4 1-0

[Event "Da Qing U20 op-A"]
[Site "Da Qing"]
[Date "2019.01.21"]
[Round "4"]
[White "Yanchenko, Roman"]
[Black "Enkhnar, Enkhbaatar"]
[Result "1-0"]
[WhiteElo "2475"]
[BlackElo "2373"]
[PlyCount "127"]
[EventDate "2019.01.20"]
[EventType "swiss"]
[EventRounds "9"]
[EventCountry "CHN"]
[SourceTitle "CBM 188 Extra"]
[Source "ChessBase"]
[SourceDate "2019.02.26"]
[SourceVersion "1"]
[SourceVersionDate "2019.02.26"]
[SourceQuality "1"]

1. d4 Nf6 2. c4 e6 3. Nf3 d5 4. Nc3 Nbd7 5. e3 c5 6. cxd5 Nxd5 7. Nxd5 exd5 8. Bd3 cxd4 9. exd4 Bb4+ 10. Bd2 Qe7+ 11. Qe2 Qxe2+ 12. Kxe2 Bd6 13. Rhe1 0-0 14. h3 Rd8 15. Kf1 Nf8 16. Rac1 Bd7 17. a3 Rac8 18. Ne5 Rxc1 19. Rxc1 Rc8 20. Nxd7 Rxc1+ 21. Bxc1 Nxd7 22. Ke2 Kf8 23. Bf5 Ke7 24. g3 g6 25. Bg4 f5 26. Bf3 Ke6 27. Bg5 Nb8 28. Kd3 Nc6 29. Bd2 Be7 30. h4 Bf6 31. Bc3 Nd8 32. h5 Nf7 33. Bd1 Nd6 34. Bd2 g5 35. g4 Nb5 36. gxf5+ Kxf5 37. Bf3 Nxd4 38. Bxd5 Ne6 39. Be4+ Kg4 40. Bxh7 Nf4+ 41. Kc2 Kxh5 42. b4 Bd4 43. f3 Be5 44. Be4 b6 45. Bf5 Kh6 46. Kb3 Kg7 47. Kc4 Kf6 48. Bg4 Ne2 49. a4 Bf4 50. Be1 Be5 51. Bf2 Bc7 52. Kb5 a5 53. Kc6 axb4 54. f4 Nxf4 55. Kxc7 Nd5+ 56. Kd6 Nc3 57. Bd4+ Kg6 58. Bd7 g4 59. Bxb6 b3 60. Ke5 b2 61. Bf5+ Kg5 62. a5 b1Q 63. Bxb1 Nxb1 64. a6 1-0

[Event "Da Qing U20 op-A"]
[Site "Da Qing"]
[Date "2019.01.20"]
[Round "1"]
[White "Hu, Yu A"]
[Black "Enkhnar, Enkhbaatar"]
[Result "0-1"]
[WhiteElo "2032"]
[BlackElo "2373"]
[PlyCount "76"]
[EventDate "2019.01.20"]
[EventType "swiss"]
[EventRounds "9"]
[EventCountry "CHN"]
[SourceTitle "CBM 188 Extra"]
[Source "ChessBase"]
[SourceDate "2019.02.26"]
[SourceVersion "1"]
[SourceVersionDate "2019.02.26"]
[SourceQuality "1"]

1. e4 c5 2. Nf3 e6 3. d4 cxd4 4. Nxd4 a6 5. Bd3 Nf6 6. 0-0 Qc7 7. c4 g6 8. Nc3 Bg7 9. Be3 0-0 10. Rc1 d6 11. f3 Nbd7 12. b3 b6 13. Qe2 Bb7 14. Rfd1 Rac8 15. Qf2 Qb8 16. Bf1 Rfe8 17. Nde2 Bc6 18. Rd2 Ne5 19. h3 b5 20. Nd4 bxc4 21. bxc4 Bd7 22. Rb2 Qa8 23. Nb1 d5 24. Nd2 dxe4 25. f4 Nd3 26. Bxd3 exd3 27. Qf1 Ne4 28. Qxd3 Nc5 29. Qf1 e5 30. fxe5 Rxe5 31. Bf2 Ne4 32. Nxe4 Rxe4 33. Rd1 Ba4 34. Rdd2 Rd8 35. Rb4 Rdxd4 36. Rxd4 Bxd4 37. Bxd4 Rxd4 38. Rxa4 Qa7 0-1

[Event "MGL-ch 58th"]
[Site "Tsetserleg"]
[Date "2018.05.24"]
[Round "8"]
[White "Enkhnar, Enkhbaatar"]
[Black "Baasansuren, Erdene"]
[Result "0-1"]
[WhiteElo "2401"]
[BlackElo "2244"]
[PlyCount "86"]
[EventDate "2018.05.19"]
[EventType "tourn"]
[EventRounds "11"]
[EventCountry "MGL"]
[EventCategory "2"]
[SourceTitle "EXT 2019"]
[Source "ChessBase"]
[SourceDate "2018.10.10"]
[SourceVersion "1"]
[SourceVersionDate "2018.10.10"]
[SourceQuality "1"]

1. Nf3 Nf6 2. g3 g6 3. Bg2 Bg7 4. 0-0 0-0 5. c4 d6 6. d4 Nc6 7. Nc3 a6 8. Qd3 Bf5 9. e4 Bg4 10. d5 Bxf3 11. Qxf3 Nd4 12. Qd1 c5 13. dxc6 Nxc6 14. Rb1 Rc8 15. b3 Nd7 16. Bd2 Nc5 17. f4 b5 18. cxb5 axb5 19. Nd5 e6 20. Nb4 Qb6 21. Kh1 Rfd8 22. f5 Ne5 23. fxe6 fxe6 24. a4 bxa4 25. bxa4 Qa7 26. a5 Rf8 27. a6 Ncd3 28. Qb3 Nf2+ 29. Rxf2 Qxf2 30. Be3 Qe2 31. a7 Ng4 32. Bb6 Kh8 33. Qxe6 Ne3 34. Qa2 Rc2 35. Qxc2 Nxc2 36. e5 Nxb4 37. Bg1 d5 38. Rxb4 Qxe5 39. Rb5 Qa1 40. Rb8 Qa5 41. Bd4 Rg8 42. Bb6 Qe1+ 43. Bg1 Bd4 0-1

[Event "MGL-ch 58th"]
[Site "Tsetserleg"]
[Date "2018.05.19"]
[Round "1"]
[White "Khurelchuluun, Bayarkhuu"]
[Black "Enkhnar, Enkhbaatar"]
[Result "1/2-1/2"]
[WhiteElo "2038"]
[BlackElo "2401"]
[PlyCount "140"]
[EventDate "2018.05.19"]
[EventType "tourn"]
[EventRounds "11"]
[EventCountry "MGL"]
[EventCategory "2"]
[SourceTitle "EXT 2019"]
[Source "ChessBase"]
[SourceDate "2018.10.10"]
[SourceVersion "1"]
[SourceVersionDate "2018.10.10"]
[SourceQuality "1"]

1. d4 Nf6 2. c4 e6 3. Nf3 d5 4. Nc3 Nbd7 5. Bg5 Be7 6. e3 0-0 7. Qc2 b6 8. cxd5 exd5 9. Bd3 Bb7 10. 0-0 c5 11. Rfd1 c4 12. Bf5 a6 13. Ne5 g6 14. Bh3 b5 15. a3 Kg7 16. f4 Nb6 17. f5 Ne4 18. Bxe7 Qxe7 19. fxg6 hxg6 20. g3 f6 21. Nf3 Ng5 22. Nxg5 Qxe3+ 23. Qf2 Qxf2+ 24. Kxf2 fxg5+ 25. Kg2 Rae8 26. Re1 Bc6 27. Bg4 a5 28. Rxe8 Rxe8 29. Kf2 Rf8+ 30. Kg2 b4 31. axb4 axb4 32. Nd1 Na4 33. Bf3 Ra8 34. Kf1 Kf7 35. Ke1 Ke6 36. Kd2 Kd6 37. h3 Rf8 38. Ke3 Re8+ 39. Kf2 Ra8 40. Ke1 Rf8 41. Bg2 Bb5 42. Rc1 Re8+ 43. Kf2 c3 44. bxc3 b3 45. Rb1 b2 46. Bf3 Bd3 47. Rxb2 Nxb2 48. Nxb2 Bc2 49. c4 Be4 50. c5+ Kc6 51. Be2 Rh8 52. Nd3 Rxh3 53. Nb4+ Kc7 54. Bf3 Rh8 55. Bxe4 dxe4 56. Ke3 Re8 57. d5 Ra8 58. d6+ Kd7 59. Nd5 Kc6 60. Kd4 Ra4+ 61. Ke5 Ra8 62. Kd4 Ra4+ 63. Ke5 Ra1 64. Kxe4 Rg1 65. Nf6 Re1+ 66. Kd4 Rd1+ 67. Ke5 Re1+ 68. Ne4 Rf1 69. g4 Re1 70. Kd4 Rd1+ 1/2-1/2